01379nam a22003737a 4500003000500000005001700005008004100022010001000063011001000073020001500083035001100098040000900109082001600118100003500134245007100169260004200240300003100282490005900313590004100372590004100413590004100454590004200495650002600537650002200563650003700585650002700622700002100649830006600670901000700736942001000743949008900753999001700842952014600859CHAP20220329143532.0100416s1994 us r 00010 eng d a98160 a99132 a041249440X a109817 cCHAP04a519.54bB251 aBarndorff Nielsen, O.E.91023510aInference and asymptoticsc/by O.E. Barndorff-Nielsen and D.R. Cox aNew York, NY :bChapman & Hall,c1994 a360 p. :bgráfs., tablas 0aMonographs on Statistics and Applied Probabilityv; 52 aBATCH-UPDb10c20130110lUCH01h1611 aBATCH-UPDb10c20130410lUCH01h1006 aBATCH-UPDb10c20130914lUCH01h0537 aCONVERSIONb10c20130109lUCH01h135414aEstadística.93824114aFunciones.94395914aInferencia estadística.95806214aProbabilidades.9916871 aCox, D.R.928739 0aMonographs on Statistics and Applied Probabilityv; 52977617 aBK cLIBRO a519.54 B25bBCcLIBROd33724002168934eLIBROgI.249749h112305i109817sit$1,751.42 c98160d98160 00102ddc4052708GRALaBCbBCcPA_GRALd2019-12-31eI.249749fLIBROl0o519.54 B25p33724002168934r2019-12-31 00:00:00w2019-12-31yLIBRO